Reducing Poverty and Sustaining the Environment / (Record no. 616711)

MARC details
000 -LEADER
fixed length control field 00536nam a2200169Ia 4500
008 - FIXED-LENGTH DATA ELEMENTS--GENERAL INFORMATION
fixed length control field 260302s9999 xx 000 0 und d
020 ## - INTERNATIONAL STANDARD BOOK NUMBER
ISBN 9781844071166
082 ## - DEWEY DECIMAL CLASSIFICATION NUMBER
Classification number 339.4609
Item number BAS
100 ## - MAIN ENTRY--AUTHOR NAME
Personal name Bass, Stephen
245 #0 - TITLE STATEMENT
Title Reducing Poverty and Sustaining the Environment /
Statement of responsibility, etc Bass, Stephen
260 ## - PUBLICATION, DISTRIBUTION, ETC. (IMPRINT)
Name of publisher Routledge,
Year of publication 2005
300 ## - PHYSICAL DESCRIPTION
Number of Pages 343 pages
520 ## - SUMMARY, ETC.
Summary, etc First Published in 2005. Routledge is an imprint of Taylor & Francis, an informa company.
650 ## - SUBJECT ADDED ENTRY--TOPICAL TERM
Topical Term Business & Economics
942 ## - ADDED ENTRY ELEMENTS (KOHA)
Koha item type English Books
Holdings
Withdrawn status Lost status Damaged status Not for loan Home library Current library Shelving location Date acquired Full call number Accession Number Price effective from Koha item type
        Anna Centenary Library Anna Centenary Library 4TH FLOOR, A WING 02.03.2026 339.4609 BAS 312529 02.03.2026 English Books

Find us on the map